| 000 | 00800nam a2200229 a 4500 | ||
|---|---|---|---|
| 001 | 000024348 | ||
| 005 | 20200930022931.0 | ||
| 008 | 110126s1977 ag a r 000 0 spa d | ||
| 040 |
_aDO-SdBNP _bspa _cBNPHU |
||
| 082 |
_axxxx _bSh528s |
||
| 100 | 1 |
_aShane, Harold G. _949934 |
|
| 245 | 1 | 3 |
_aEl significado educacional del futuro / _cHarold G. Shane ; traducción Ramón Alcalde. |
| 260 |
_aBuenos Aires, Argentina : _bGuadalupe, _c1977. |
||
| 300 |
_a118 p. : _bil. ; _c22.5 cm. |
||
| 490 | 1 |
_aBiblioteca pedagógica ; _v42 |
|
| 500 | _aIncluye notas al pie de las páginas. | ||
| 500 | _aIncluye bibliografía p. [100-103]. | ||
| 534 | _aThe educational significance of the future. | ||
| 700 | 1 |
_aAlcalde, Ramón, _etr. _948967 |
|
| 830 | 0 |
_aBiblioteca pedagógica ; _n42 _949935 |
|
| 049 | _aBNGR | ||
| 999 |
_c23841 _d23841 |
||